| 000 | 01132cam a2200337 i 4500 | ||
|---|---|---|---|
| 001 | 200462360 | ||
| 003 | TR-AnTOB | ||
| 005 | 20241119074054.0 | ||
| 007 | ta | ||
| 008 | 240902t20012001tu d 001 0 tur d | ||
| 020 | _c9754200564 | ||
| 040 |
_aERCİYESÜNV _beng _erda _cERCİYESÜNV _dTR-AnTOB |
||
| 041 | 0 | _atur | |
| 060 | 4 |
_aWS 200 _bC668 2001ç |
|
| 096 |
_aWS200 _bC668 2001ç TıpFaK |
||
| 245 | 0 | 0 |
_aÇocuk hastalıklarında tedavi el kitabı / _cedited John W. Graef ; çeviri editörü: Doç. Dr. Esat Yılgör ; çevirenler: Doç. Dr. Esat Yılgör [and three others] |
| 264 | 1 |
_aİstanbul : _bNobel Tıp Kitabevleri, _c2001. |
|
| 264 | 4 | _c©2001 | |
| 300 |
_a643 pages : _btables ; _c24 cm |
||
| 336 |
_atext _btxt _2rdacontent |
||
| 337 |
_aunmediated _bn _2rdamedia |
||
| 338 |
_avolume _bnc _2rdacarrier |
||
| 500 | _aİncludes index. | ||
| 650 | 2 |
_aPediatrics _9126624 |
|
| 650 | 2 |
_aPediatrics _xTherapy _9126624 |
|
| 655 | 2 |
_aHandbook _9143284 |
|
| 700 | 1 |
_aGraef, John W., _d1939- _eeditor _9146899 |
|
| 700 | 1 |
_aYılgör, Esat _eeditor, translator _9146869 |
|
| 942 |
_2NLM _cBK |
||
| 999 |
_c200462360 _d80572 |
||